000 00383nam a2200169Ia 4500
001 16784
003 IN-NITTTR
005 20251114233158.0
008 251113s9999||||xx |||||||||||||| ||eng||
040 _beng
040 _cIN-NITTTR
041 _aeng
082 _a891.433 B47K H
100 _aBhramar, Ramkumar
245 0 _aKarma Yagya. /
_cBhramar, Ramkumar
942 _2ddc
_cBK
999 _c19418
_d19418